[Event "Nordic Chess-ch 2019"]
[Site "Sarpsborg"]
[Date "2019.06.23"]
[Round "4.14"]
[White "Jashari, Driton"]
[Black "Vitenberg, Noam Aviv"]
[Result "0-1"]
[WhiteElo "1755"]
[BlackElo "2256"]
[Annotator "NA"]
[PlyCount "76"]
[EventDate "2019.06.21"]
[EventType "swiss"]
[EventCountry "NOR"]
[SourceTitle "playchess.com"]
[Source "ChessBase"]
[SourceQuality "1"]
[TimeControl "40/5400+30:1800+30"]

1. e4 {[%emt 0:02:55]} c6 {[%emt 0:00:00]} 2. d4 {[%emt 0:01:03]} d5 {[%emt 0:00:00]} 3. exd5 {[%emt 0:01:00]} cxd5 {[%emt 0:00:00]} 4. c3 {[%emt 0:01:32]} Bf5 {[%emt 0:01:06]} 5. Bd3 {[%emt 0:00:07]} Bxd3 {[%emt 0:00:17]} 6. Qxd3 {[%emt 0:00:02]} e6 {[%emt 0:00:17]} 7. Nf3 {[%emt 0:00:20]} Bd6 {[%emt 0:00:38]} 8. Nbd2 {[%emt 0:00:17]} Ne7 {[%emt 0:02:10]} 9. Nb3 {[%emt 0:00:15]} Qc7 {[%emt 0:02:17]} 10. g3 {[%emt 0:00:19]} Nbc6 {[%emt 0:00:45]} 11. Nh4 {[%emt 0:06:51]} O-O $11 {[%emt 0:04:09]} 12. f4 {[%emt 0:03:10]} f6 {[%emt 0:09:54]} 13. O-O {[%emt 0:07:46]} e5 {[%emt 0:02:51]} 14. Nf5 {[%emt 0:04:31]} e4 {[%emt 0:03:26]} 15. Nxe7+ {[%emt 0:00:05]} Nxe7 {[%emt 0:01:39]} 16. Qe2 {[%emt 0:00:28]} f5 {[%emt 0:04:07]} 17. Be3 {[%emt 0:04:48]} Rac8 {[%emt 0:01:40]} 18. Nd2 {[%emt 0:00:22]} b5 {[%emt 0:03:26]} 19. Rfc1 {[%emt 0:05:25]} g5 {[%emt 0:10:44]} 20. Rf1 {[%emt 0:03:16]} gxf4 {[%emt 0:10:21]} 21. Bxf4 {[%emt 0:04:23]} Bxf4 {[%emt 0:05:10]} 22. Rxf4 {[%emt 0:00:02]} Ng6 {[%emt 0:00:56]} 23. Rff1 {[%emt 0:00:28]} Qd6 {[%emt 0:02:56]} 24. a3 {[%emt 0:04:29]} f4 {[%emt 0:01:23]} 25. Qg4 {[%emt 0:04:00]} f3 {[%emt 0:02:54]} 26. Nxf3 {[%emt 0:00:20]} exf3 {[%emt 0:00:25]} 27. Rxf3 {[%emt 0:00:00]} Rxf3 {[%emt 0:02:06]} 28. Qxc8+ {[%emt 0:00:23]} Rf8 {[%emt 0:00:49]} 29. Qg4 {[%emt 0:00:08]} Qf6 {[%emt 0:01:22]} 30. Qe2 {[%emt 0:00:25]} Kh8 {[%emt 0:02:08]} 31. Re1 {[%emt 0:00:02]} Kg7 {[%emt 0:01:48]} 32. h4 {[%emt 0:07:35]} h5 {[%emt 0:01:14]} 33. Kg2 {[%emt 0:00:10]} Qf5 {[%emt 0:02:11]} 34. b3 {[%emt 0:07:13]} Kh7 {[%emt 0:00:30]} 35. c4 {[%emt 0:00:30]} Nxh4+ {[%emt 0:02:29]} 36. gxh4 {[%emt 0:04:39]} Rg8+ {[%emt 0:19:52]} 37. Kh1 {[%emt 0:06:27]} Qh3+ {[%emt 0:00:00]} 38. Qh2 {[%emt 0:00:03]} Qf3+ {[%emt 0:00:00]} 0-1

[Event "Nordic Chess-ch 2019"]
[Site "Sarpsborg"]
[Date "2019.06.23"]
[Round "4.15"]
[White "Altarbosh, Ward"]
[Black "Johansen, Kolbjorn-Albin"]
[Result "1-0"]
[WhiteElo "2250"]
[BlackElo "1690"]
[Annotator "NA"]
[PlyCount "91"]
[EventDate "2019.06.21"]
[EventType "swiss"]
[EventCountry "NOR"]
[SourceTitle "playchess.com"]
[Source "ChessBase"]
[SourceQuality "1"]
[TimeControl "40/5400+30:1800+30"]

1. e4 {[%emt 0:00:00]} c6 {[%emt 0:00:21]} 2. Nf3 {[%emt 0:00:00]} d5 {[%emt 0:00:07]} 3. Nc3 {[%emt 0:00:02]} Bg4 {[%emt 0:00:28]} 4. h3 {[%emt 0:00:21]} Bxf3 {[%emt 0:00:09]} 5. Qxf3 {[%emt 0:00:05]} e6 {[%emt 0:00:12]} 6. d3 {[%emt 0:00:22]} Nd7 {[%emt 0:00:23]} 7. Bd2 {[%emt 0:00:09]} Qb6 {[%emt 0:00:21]} 8. Be2 {[%emt 0:00:43]} g6 {[%emt 0:05:06]} 9. O-O {[%emt 0:02:32]} Bg7 {[%emt 0:00:33]} 10. Rfb1 {[%emt 0:00:08]} h6 $11 {[%emt 0:16:32]} 11. b4 {[%emt 0:01:13]} d4 {[%emt 0:09:13]} 12. Na4 {[%emt 0:00:16]} Qc7 {[%emt 0:02:09]} 13. b5 {[%emt 0:00:21]} c5 {[%emt 0:08:37]} 14. Nb2 {[%emt 0:00:20]} Ne7 {[%emt 0:04:58]} 15. Nc4 {[%emt 0:00:11]} O-O {[%emt 0:03:19]} 16. a4 {[%emt 0:00:17]} Rad8 {[%emt 0:14:00]} 17. a5 {[%emt 0:00:50]} Qb8 {[%emt 0:00:56]} 18. g3 {[%emt 0:01:26]} Ne5 {[%emt 0:02:32]} 19. Nxe5 {[%emt 0:03:54]} Bxe5 {[%emt 0:01:42]} 20. Bxh6 {[%emt 0:00:07]} Bg7 {[%emt 0:00:10]} 21. Bg5 {[%emt 0:00:08]} Rd7 {[%emt 0:05:26]} 22. h4 {[%emt 0:00:13]} f6 {[%emt 0:06:18]} 23. Qg4 {[%emt 0:03:20]} Qd6 {[%emt 0:01:38]} 24. Bf4 {[%emt 0:01:08]} e5 {[%emt 0:00:17]} 25. Bd2 {[%emt 0:00:09]} f5 {[%emt 0:00:55]} 26. Qh3 {[%emt 0:00:07]} Kf7 {[%emt 0:05:37]} 27. h5 {[%emt 0:00:05]} Ke8 {[%emt 0:02:42]} 28. h6 {[%emt 0:00:18]} Bh8 {[%emt 0:02:06]} 29. Kg2 {[%emt 0:00:06]} Kd8 {[%emt 0:01:42]} 30. h7 {[%emt 0:00:21]} f4 {[%emt 0:01:44]} 31. Bg4 {[%emt 0:00:08]} g5 {[%emt 0:01:14]} 32. Bxd7 {[%emt 0:00:48]} Qxd7 {[%emt 0:00:07]} 33. Qxd7+ {[%emt 0:00:07]} Kxd7 {[%emt 0:00:06]} 34. Rh1 {[%emt 0:00:04]} Ke6 {[%emt 0:01:55]} 35. Rh6+ {[%emt 0:00:09]} Kf7 {[%emt 0:00:50]} 36. Rah1 {[%emt 0:00:12]} Ng6 {[%emt 0:00:34]} 37. R1h5 {[%emt 0:00:24]} Bg7 {[%emt 0:00:56]} 38. h8=Q {[%emt 0:00:10]} Nxh8 {[%emt 0:01:27]} 39. Rd6 {[%emt 0:00:13]} Ke7 {[%emt 0:00:50]} 40. Rd5 {[%emt 0:02:28]} b6 {[%emt 0:01:15]} 41. Rxg5 {[%emt 0:30:05]} Bf6 {[%emt 0:09:37]} 42. Rgxe5+ {[%emt 0:00:00]} Bxe5 {[%emt 0:04:24]} 43. Rxe5+ {[%emt 0:00:00]} Kd7 {[%emt 0:00:41]} 44. Bxf4 {[%emt 0:00:00]} Ng6 {[%emt 0:01:32]} 45. Rd5+ {[%emt 1:28:30]} Kc8 {[%emt 0:00:52]} 46. axb6 {[%emt 0:00:00]} 1-0

[Event "Nordic Chess-ch 2019"]
[Site "Sarpsborg"]
[Date "2019.06.23"]
[Round "4.16"]
[White "Stellas, Dimitrios"]
[Black "Lindgren, Philip"]
[Result "0-1"]
[WhiteElo "1976"]
[BlackElo "2384"]
[Annotator "TA"]
[PlyCount "215"]
[EventDate "2019.06.21"]
[EventType "swiss"]
[EventCountry "NOR"]
[SourceTitle "playchess.com"]
[Source "ChessBase"]
[SourceQuality "1"]

{[%evp 9,215,4,19,19,19,7,19,14,14,0,7,0,0,-18,5,5,5,5,8,-7,5,5,6,0,0,5,0,10,26,0,23,15,21,0,10,5,5,5,15,12,14,12,16,16,13,12,18,14,17,5,15,-113,14,-11,-11,-22,-7,-6,-8,-13,-10,-34,0,0,4,0,0,-34,-7,-7,0,0,2,0,0,0,0,-21,-22,-138,-138,-138,-138,-138,-138,-138,-138,-138,-138,-138,-130,-307,-300,-250,-260,-237,-247,-242,-194,-191,-161,-370,-378,-359,-372,-379,-379,-373,-354,-343,-353,-317,-343,-315,-314,-374,-385,-349,-322,-906,-854,-1387,-1316,-5804,-4706,-29959,-29958,-29955,-29949,-29956,-29960,-29962,-100,-110,0,-29958,-5830,-29962,0,-9500,-6698,-29949,-5700,-29962,-29966,-29970,-29971,-29974,-29971,-29975,-29972,-29970,-29971,-29971,-29970,-29968,0,-29982,-159,-29972,-159,-159,0,-29970,-29968,-29982,-29973,-29973,-29971,-29971,0,-159,0,-29971,0,-29966,-29968,-29969,-29970,-29970,-29970,-29969,0,-29968,0,-29959,-159,-159,-159,-159,-159,-12830,-12834,-5014,-159,-29981,-29982,-29987,-29988,-29990,-29986,-29991,-29992,-29992,-29993,-29993,-29994,-29994]} 1. d4 Nf6 2. Bf4 d5 3. e3 c5 4. c3 Nc6 5. Nd2 cxd4 (5... Qb6 6. Qb3 Nh5 7. Qxb6 axb6 8. Bc7 cxd4 9. exd4 e5 10. Bxe5 Nxe5 11. dxe5 Bc5 12. g3 O-O {1-0 (76) Aronian,L (2765)-Caruana,F (2832) London 2018}) 6. exd4 {D00: 1 d4 d5: Unusual lines} Bf5 7. Ngf3 e6 8. Qb3 {The position is equal.} Qc8 9. h3 Be7 10. Be2 h6 11. Ne5 (11. Rc1 {feels hotter.} O-O 12. O-O Re8 13. Rfe1 a6 14. Nf1) 11... Nxe5 $146 ({Predecessor:} 11... Nd7 12. Nd3 a6 13. Qd1 Qd8 {0-1 (57) Khotenashvili,B (2476)-Pham,L (2354) Riadh 2017}) 12. Bxe5 O-O 13. O-O Qc6 14. Qb5 Qc8 15. a4 Nd7 16. Bg3 a6 17. Qb3 Qc6 18. Rfc1 Bd6 (18... Bg5 {with more complications.} 19. Rd1 Rfc8 20. a5 Bd8 21. Rdc1 Nf6) 19. Nf1 Bxg3 20. Nxg3 Bg6 21. a5 Rac8 22. Nf1 {[%cal Bg3f1,Bf1d2,Bd2f3,Bf3e5][%mdl 32]} Nf6 23. Nd2 Rc7 24. Qb4 Rfc8 25. Nf3 Qe8 26. Ne5 Bf5 27. Re1 Ne4 28. Qa4 Qe7 29. Nf3 Qf6 30. Rf1 {[#]} (30. Qd1 $11 {keeps the balance.}) 30... Ng5 ({Black should play} 30... Rxc3 $1 $17 {[%mdl 512] Strongly threatening ...Rc2.} 31. bxc3 Nxc3 {[%mdl 64] Double Attack}) 31. Nxg5 Qxg5 32. f4 Qg3 33. Rf3 Qh4 34. Qd1 Be4 35. Rf2 Qg3 36. Qd2 Kh8 37. Bf1 Rg8 38. Re1 g5 39. fxg5 Rxg5 40. Qf4 Qxf4 41. Rxf4 f5 42. Re3 Rcg7 43. Rf2 h5 44. h4 (44. Rf4 $1 $11) 44... Rg4 $17 45. Rh3 f4 $1 46. Kh2 Kh7 47. Kh1 Kh6 48. Kh2 Kg6 49. Be2 {[#]} Kf5 $1 {[%cal Rg4g2][%mdl 512]} 50. Bf3 $2 (50. g3 $17 {was called for.} Rxg3 51. Rxg3 Rxg3 52. Bxh5) 50... Rg3 $19 51. Re2 Rxh3+ 52. Kxh3 {[%mdl 4096] Endgame KRB-KRB} Rg3+ 53. Kh2 Bxf3 54. gxf3 Rxf3 {KR-KR} 55. Re5+ $2 (55. Rg2) 55... Kg4 $1 56. Rxe6 Rf2+ {[%mdl 64] Double Attack} ({Weaker is} 56... Kxh4 57. Kg2 $15) 57. Kg1 Rxb2 58. Re5 Rc2 59. Rxd5 Rxc3 (59... Kxh4 60. Rd7 $19) 60. Rd7 Rc1+ ({Don't play} 60... Kxh4 61. Rxb7 Ra3 62. Kg2 $17) 61. Kf2 Rc2+ (61... Kxh4 62. Kf3 $15) 62. Kg1 Ra2 63. Rxb7 Rxa5 ({Not} 63... Kxh4 64. Rg7 $19) 64. Ra7 $2 (64. Kf2 Ra2+ 65. Ke1) 64... Kxh4 65. Kg2 Kg4 66. d5 Ra2+ 67. Kg1 Kg3 {[%cal Ra2a1]} 68. Rg7+ Kf3 69. Ra7 h4 70. d6 Kg3 $2 (70... Rd2 71. d7 Kg3 72. Kf1 f3 73. d8=Q Rxd8 74. Rg7+ Kf4 75. Rf7+ Kg3 76. Rg7+ Kf4 77. Rf7+ Ke3 78. Re7+ Kd2 79. Kf2 a5 80. Re4 Ra8 81. Rd4+ Kc3 82. Ra4 Kb3 83. Rf4 a4 84. Rxf3+ Kc2 85. Rf7 a3 86. Rc7+ Kb3 87. Rb7+ Ka4 88. Rh7 a2 89. Rxh4+ Kb5 90. Ke2 a1=Q 91. Rh5+ Kc4 92. Rh4+ Kc3 93. Rf4 Re8+ 94. Kf3 Qd1+ 95. Kg3 Rg8+ 96. Kf2 Qd2+ {[%mdl 64] Double Attack} 97. Kf1 Qxf4+ 98. Ke2 Rg2+ 99. Ke1 Qc1#) 71. Rg7+ $17 Kf3 $2 {[%mdl 8192]} (71... Kh3 $17 72. d7 Rd2) 72. Ra7 $1 Rg2+ (72... a5 $142 73. Rg7 Rd2 74. Rd7 h3 75. Rd8 Rg2+ 76. Kh1 a4 77. Rh8 Rd2 78. Rxh3+ Kg4 $1 {[%mdl 512]} 79. Rh8 Rxd6 80. Kg1 Kf3 81. Rh7 Rd3 82. Rh3+ Ke2 83. Rh2+ Ke3 84. Rh5 Rd1+ 85. Kh2 f3 86. Re5+ Kf4 87. Re8 f2 88. Rf8+ Ke3 89. Re8+ Kd3 90. Rd8+ Kc2 91. Rc8+ Kb2 92. Rf8 f1=Q 93. Rf3 Qg1+ 94. Kh3 Qg5 95. Rf2+ Ka1 96. Re2 Rh1+ 97. Rh2 Rg1 98. Ra2+ Kxa2 99. Kh2 Qg3#) 73. Kh1 Ra2 (73... Rd2 $142 74. Rd7 h3 75. Rd8 a5 76. Kg1 Rg2+ 77. Kh1 a4 78. Ra8 Rd2 79. Kg1 Rxd6 80. Kh2 Rd2+ 81. Kxh3 Ra2 82. Rc8 a3 83. Rc3+ Ke4 84. Rc4+ Ke3 85. Rc3+ Ke4 86. Rc4+ Ke3 87. Rc3+ Ke4) 74. Kg1 $1 $19 a5 75. Ra8 Rg2+ (75... Rd2 $142 76. Rxa5 Rxd6 77. Kh2 Rd1 78. Rh5 Ke3 79. Rh6 f3 80. Re6+ Kd2 81. Rd6+ Ke2 82. Re6+ Kf1 83. Kh3 f2 84. Kh2 Re1 85. Rf6 Ke2 86. Re6+ Kd3 87. Rd6+ Ke3 88. Re6+ Kd4 89. Rd6+ Ke3 90. Re6+ Kd4 91. Rd6+ Ke5 92. Rd8 f1=Q 93. Re8+ Kd4 94. Rd8+ Kc3 95. Rc8+ Kd2 96. Rd8+ Qd3 $1 {[%mdl 512]} 97. Rxd3+ Kxd3 98. Kh3 Re4 99. Kg2 Ke2 100. Kh2 Kf3 101. Kh3 Rc4 102. Kh2 Rc1 103. Kh3 Rh1#) 76. Kh1 Rd2 77. Rxa5 Rxd6 78. Ra3+ Kg4 79. Kg2 Rd2+ 80. Kg1 h3 81. Ra8 Rd1+ 82. Kh2 Rd2+ $2 (82... f3 $1 83. Rf8 Rd2+ 84. Kg1 Rg2+ 85. Kh1 Re2 86. Kg1 Kg3 87. Rg8+ Kf4 88. Rf8+ Ke3 89. Re8+ Kd2 90. Rf8 Re1+ 91. Kf2 h2 92. Rd8+ Kc3 93. Rc8+ Kb4 94. Rb8+ Kc5 95. Rc8+ Kd6 96. Rh8 h1=Q 97. Rxh1 Rxh1 98. Kxf3 Ke5 99. Ke3 Rh3+ 100. Ke2 Kd4 101. Kf2 Ke4 102. Ke2 Rh2+ 103. Ke1 Kf3 104. Kd1 Ke3 105. Kc1 Kd3 106. Kb1 Kc3 107. Ka1 Kb3 108. Kb1 Rh1#) 83. Kh1 $2 {[%mdl 8192]} (83. Kg1 $11 Rg2+ 84. Kh1) 83... Rg2 $2 (83... f3 84. Rg8+ Kf4 85. Rf8+ Ke3 86. Re8+ Kd3 87. Rh8 f2 88. Rd8+ Ke2 89. Re8+ Kd1 90. Rf8 Ke1 91. Re8+ Re2 92. Rg8 f1=Q+ 93. Rg1 Qxg1+ $1 {[%mdl 512]} 94. Kxg1 h2+ 95. Kh1 Kf2 96. Kxh2 Re3 97. Kh1 Rh3#) 84. Ra7 $2 (84. Rg8+ $17 Kf3 85. Rb8) 84... Rg3 $2 (84... Re2 85. Rg7+ Kf5 86. Rf7+ Kg4 87. Rg7+ Kf5 88. Kg1 f3 89. Rf7+ Ke4 90. Re7+ Kf4 91. Rf7+ Ke3 92. Re7+ Kd2 93. Rf7 Re1+ 94. Kh2 Ke2 95. Re7+ Kf1 96. Rd7 f2 97. Rd2 Re3 98. Ra2 Rd3 99. Ra5 Ke2 100. Ra2+ Rd2 101. Ra1 f1=Q 102. Rxf1 Kxf1+ 103. Kg3 h2 104. Kf4 h1=Q 105. Kf5 Qd5+ 106. Kg6 Rf2 107. Kh7 Qg5 108. Kh8 Rh2#) 85. Kh2 $17 Rg2+ $2 (85... Rb3 $17 86. Rg7+ Kf3) 86. Kh1 Rb2 87. Ra8 Kg3 {[%cal Rb2b1]} 88. Rg8+ Kf3 89. Rh8 Kg4 $2 (89... Ke3 90. Kg1 Rg2+ 91. Kf1 f3 92. Re8+ Kd2 93. Rd8+ Kc2 94. Rf8 h2 95. Rc8+ Kd3 96. Rd8+ Ke4 97. Re8+ Kd3 98. Rd8+ Ke4 99. Re8+ Kd5 100. Rh8 Ra2 101. Rd8+ Kc5 102. Rc8+ Kd4 103. Rd8+ Ke4 104. Re8+ Kf5 105. Rf8+ Ke6 106. Re8+ Kd7 107. Rh8 Ra1+ 108. Kf2 h1=Q 109. Rxh1 Rxh1 110. Kxf3 Ke6 111. Ke3 Rd1 112. Ke4 Rd5 113. Kf3 Re5 114. Kf4 Kf6 115. Kg3 Rf5 116. Kh2 Kg5 117. Kg3 Kh5 118. Kh2 Kh4 119. Kg2 Kg4 120. Kh2 Kf3 121. Kg1 Rh5 122. Kf1 Rh1#) 90. Rg8+ $2 ({White has to play} 90. Ra8 $1 $11 f3 91. Rg8+ Kh4 92. Rh8+ Kg5 93. Kg1 h2+ 94. Kh1 Rb1+ 95. Kxh2 f2 96. Rg8+ Kh6 97. Rh8+ Kg7 98. Rh3 f1=Q 99. Rg3+ Kh6 100. Rh3+ Kg5 101. Rg3+ Kh4 102. Rg4+ Kh5 103. Rh4+ Kg6 104. Rg4+ Kf5 105. Rg2 Qf4+ 106. Rg3 Qf2+ 107. Rg2 Qh4#) 90... Kf3 $2 (90... Kf5 $17 91. Rf8+ Ke4 92. Re8+ Kd3) 91. Rh8 $1 Kg4 92. Rg8+ Kf5 93. Rf8+ Ke4 94. Re8+ Kd4 95. Rf8 Ke4 96. Re8+ Kd4 97. Rf8 {[#]} Rf2 $2 (97... Ke3 $1 {mates} 98. Re8+ Kf2 99. Kh2 f3 100. Kxh3 Rb1 101. Rf8 Ke2 102. Re8+ Kf1 103. Kg4 f2 104. Kf3 Rb3+ 105. Ke4 Kg2 106. Rg8+ Rg3 107. Rf8 f1=Q 108. Rxf1 Kxf1 109. Kf4 Rd3 110. Ke5 Kf2 111. Ke4 Rd8 112. Kf5 Kf3 113. Ke6 Kf4 114. Ke7 Rd2 115. Ke6 Rd3 116. Kf7 Kf5 117. Ke7 Rd2 118. Kf7 Re2 119. Kg7 Re7+ 120. Kf8 Kf6 121. Kg8 Kg6 122. Kf8 Re4 123. Kg8 Re8#) 98. Kg1 {[#]} Ke3 $1 99. Re8+ Kf3 {...Rg2+ is the strong threat.} 100. Rf8 $2 (100. Ra8 $17 Rg2+ 101. Kh1) 100... Rg2+ $19 101. Kh1 Rg5 $2 (101... Re2 $19 102. Kg1 h2+ 103. Kh1 Kg3) 102. Ra8 $2 (102. Kh2 $17) 102... Kg3 {Black mates.} 103. Rf8 f3 104. Rf7 Rg4 105. Rf8 f2 106. Rf7 Rf4 {[%cal Rf2f1]} 107. Rg7+ Kf3 108. Rg3+ {Accuracy: White = 37%, Black = 48%.} 0-1

[Event "Nordic Chess-ch 2019"]
[Site "Sarpsborg"]
[Date "2019.06.23"]
[Round "4.17"]
[White "Haugli, Petter"]
[Black "Kreken, Eivind Grunt"]
[Result "1-0"]
[WhiteElo "2223"]
[BlackElo "1784"]
[Annotator "NA"]
[PlyCount "65"]
[EventDate "2019.06.21"]
[EventType "swiss"]
[EventCountry "NOR"]
[SourceTitle "playchess.com"]
[Source "ChessBase"]
[SourceQuality "1"]
[TimeControl "40/5400+30:1800+30"]

1. c4 {[%emt 0:00:00]} c5 {[%emt 0:00:00]} 2. Nc3 {[%emt 0:00:00]} Nf6 {[%emt 0:00:00]} 3. g3 {[%emt 0:00:00]} d5 {[%emt 0:00:05]} 4. cxd5 {[%emt 0:00:00]} Nxd5 {[%emt 0:00:07]} 5. Bg2 {[%emt 0:00:07]} Nc7 {[%emt 0:00:11]} 6. Nf3 {[%emt 0:00:35]} Nc6 {[%emt 0:00:09]} 7. O-O {[%emt 0:00:32]} e5 {[%emt 0:00:10]} 8. d3 {[%emt 0:00:52]} Be7 {[%emt 0:00:09]} 9. Nd2 {[%emt 0:00:54]} Bd7 {[%emt 0:00:19]} 10. Nc4 {[%emt 0:00:19]} f6 {[%emt 0:00:55]} 11. f4 {[%emt 0:01:57]} b5 {[%emt 0:00:19]} 12. Ne3 {[%emt 0:00:42]} exf4 {[%emt 0:00:10]} 13. Rxf4 {[%emt 0:00:13]} O-O {[%emt 0:10:04]} 14. Nf5 {[%emt 0:04:04]} g6 {[%emt 0:11:10]} (14... Rc8 $11) 15. Nxe7+ $14 {[%emt 0:01:31]} Qxe7 {[%emt 0:00:19]} 16. Rf2 {[%emt 0:07:48]} Rab8 {[%emt 0:05:17]} 17. Bh6 {[%emt 0:20:05]} Rfc8 {[%emt 0:14:05]} 18. Ne4 {[%emt 0:18:00]} Nd5 {[%emt 0:12:01]} 19. Qf1 {[%emt 0:11:18]} f5 {[%emt 0:04:48]} 20. Bg5 {[%emt 0:01:18]} Qf8 {[%emt 0:00:44]} 21. Nc3 {[%emt 0:05:32]} Nxc3 {[%emt 0:04:14]} 22. bxc3 {[%emt 0:00:03]} Be6 {[%emt 0:06:52]} 23. e4 {[%emt 0:02:32]} Qg7 {[%emt 0:02:20]} 24. exf5 {[%emt 0:00:26]} gxf5 {[%emt 0:01:46]} 25. Bf4 {[%emt 0:04:32]} Rb7 {[%emt 0:06:49]} 26. Re1 {[%emt 0:03:19]} Qd7 {[%emt 0:07:34]} 27. Be3 {[%emt 0:04:02]} Qd6 {[%emt 0:01:33]} 28. Bxc5 {[%emt 0:01:41]} Qd7 {[%emt 0:01:30]} 29. Qe2 {[%emt 0:04:25]} Bd5 {[%emt 0:02:42]} 30. Bh3 {[%emt 0:01:25]} Qg7 {[%emt 0:01:54]} 31. Bxf5 {[%emt 0:00:49]} Rd8 {[%emt 0:00:25]} 32. Be6+ {[%emt 0:00:50]} Bxe6 {[%emt 0:00:21]} 33. Qxe6+ {[%emt 0:00:05]} 1-0

[Event "Nordic Chess-ch 2019"]
[Site "Sarpsborg"]
[Date "2019.06.23"]
[Round "4.18"]
[White "Abdrlauf, Elham"]
[Black "Tenold, Andreas"]
[Result "1-0"]
[WhiteElo "2207"]
[BlackElo "1959"]
[Annotator "NA"]
[PlyCount "87"]
[EventDate "2019.06.21"]
[EventType "swiss"]
[EventCountry "NOR"]
[SourceTitle "playchess.com"]
[Source "ChessBase"]
[SourceQuality "1"]
[TimeControl "40/5400+30:1800+30"]

1. e4 {[%emt 0:06:30]} c5 {[%emt 0:00:00]} 2. Nf3 {[%emt 0:00:28]} g6 {[%emt 0:00:00]} 3. d4 {[%emt 0:00:05]} cxd4 {[%emt 0:00:06]} 4. Nxd4 {[%emt 0:00:04]} Nc6 {[%emt 0:00:20]} 5. Nc3 {[%emt 0:00:06]} Bg7 {[%emt 0:00:05]} 6. Be3 {[%emt 0:00:05]} Nf6 {[%emt 0:00:08]} 7. Bc4 {[%emt 0:00:04]} O-O {[%emt 0:00:11]} 8. Bb3 {[%emt 0:00:02]} d6 {[%emt 0:00:10]} 9. f3 {[%emt 0:00:10]} Bd7 {[%emt 0:00:10]} 10. Qd2 {[%emt 0:00:10]} Nxd4 {[%emt 0:00:11]} 11. Bxd4 {[%emt 0:00:05]} b5 {[%emt 0:00:22]} 12. h4 {[%emt 0:00:09]} a5 {[%emt 0:01:55]} 13. h5 {[%emt 0:02:30]} a4 {[%emt 0:09:03]} 14. Bd5 {[%emt 0:00:47]} b4 {[%emt 0:00:29]} 15. Ne2 {[%emt 0:00:43]} Rc8 $14 {[%emt 0:01:18]} (15... e5 $11 16. Bxa8 exd4) 16. hxg6 {[%emt 0:01:25]} hxg6 {[%emt 0:00:13]} 17. Bxf6 {[%emt 0:00:26]} exf6 {[%emt 0:00:02]} 18. Nf4 {[%emt 0:10:01]} f5 {[%emt 0:22:21]} 19. Nxg6 {[%emt 0:00:37]} Qf6 {[%emt 0:01:19]} 20. Nxf8 {[%emt 0:01:07]} Qxb2 {[%emt 0:02:10]} 21. O-O {[%emt 0:00:57]} Rxc2 {[%emt 0:21:56]} 22. Rab1 {[%emt 0:00:37]} Rxd2 {[%emt 0:07:21]} 23. Rxb2 {[%emt 0:00:28]} Rxb2 {[%emt 0:00:08]} 24. Nxd7 {[%emt 0:00:02]} fxe4 {[%emt 0:02:37]} 25. fxe4 {[%emt 0:00:15]} b3 {[%emt 0:01:02]} 26. axb3 {[%emt 0:00:00]} a3 {[%emt 0:00:00]} 27. b4 {[%emt 0:05:07]} a2 {[%emt 0:02:51]} 28. Bxf7+ {[%emt 0:00:07]} Kh8 {[%emt 0:00:08]} 29. Bxa2 {[%emt 0:01:56]} Rxa2 {[%emt 0:00:19]} 30. Rb1 {[%emt 0:02:22]} Ra7 {[%emt 0:02:16]} 31. Nb8 {[%emt 0:00:20]} Rb7 {[%emt 0:00:56]} 32. Nc6 {[%emt 0:01:12]} Rb5 {[%emt 0:00:46]} 33. Kf2 {[%emt 0:01:17]} Kg8 {[%emt 0:01:33]} 34. Ne7+ {[%emt 0:00:59]} Kf7 {[%emt 0:00:19]} 35. Nd5 {[%emt 0:00:14]} Bd4+ {[%emt 0:04:13]} 36. Ke2 {[%emt 0:00:33]} Ba7 {[%emt 0:00:14]} 37. Kd3 {[%emt 0:00:26]} Rb7 {[%emt 0:00:57]} 38. Rf1+ {[%emt 0:01:33]} Kg7 {[%emt 0:00:53]} 39. Rc1 {[%emt 0:02:12]} Bb8 {[%emt 0:00:41]} 40. Rc6 {[%emt 0:00:41]} Rd7 {[%emt 0:01:47]} 41. b5 {[%emt 0:30:11]} Kg6 {[%emt 0:32:15]} 42. b6 {[%emt 0:00:12]} Kg5 {[%emt 0:01:00]} 43. Rc8 {[%emt 0:00:03]} Rb7 {[%emt 0:00:16]} 44. Kd4 {[%emt 1:04:42]} 1-0

[Event "Nordic Chess-ch 2019"]
[Site "Sarpsborg"]
[Date "2019.06.23"]
[Round "4.19"]
[White "Kvaloy, Aksel Bu"]
[Black "Ptacnikova, Lenka"]
[Result "1-0"]
[WhiteElo "2138"]
[BlackElo "2145"]
[Annotator "NA"]
[PlyCount "73"]
[EventDate "2019.06.21"]
[EventType "swiss"]
[EventCountry "NOR"]
[SourceTitle "playchess.com"]
[Source "ChessBase"]
[SourceQuality "1"]
[TimeControl "40/5400+30:1800+30"]

1. e4 {[%emt 0:00:00]} c5 {[%emt 0:00:00]} 2. Nf3 {[%emt 0:00:00]} e6 {[%emt 0:00:00]} 3. g3 {[%emt 0:00:19]} b6 {[%emt 0:02:41]} 4. Bg2 {[%emt 0:00:50]} Bb7 {[%emt 0:00:05]} 5. d3 {[%emt 0:00:32]} Nf6 {[%emt 0:04:49]} 6. O-O {[%emt 0:01:56]} Be7 {[%emt 0:02:05]} 7. Re1 {[%emt 0:10:17]} d6 {[%emt 0:06:21]} 8. c3 {[%emt 0:01:24]} O-O {[%emt 0:00:17]} 9. a3 {[%emt 0:02:37]} a5 {[%emt 0:01:24]} 10. a4 $14 {[%emt 0:01:25]} d5 {[%emt 0:01:05]} 11. e5 {[%emt 0:01:30]} Nfd7 {[%emt 0:00:07]} 12. Na3 {[%emt 0:01:56]} Nc6 {[%emt 0:03:55]} 13. h4 {[%emt 0:02:32]} Re8 {[%emt 0:09:20]} 14. Bf4 {[%emt 0:04:25]} Na7 {[%emt 0:02:52]} 15. h5 {[%emt 0:12:06]} h6 {[%emt 0:04:09]} 16. Kh2 {[%emt 0:11:19]} Bc6 {[%emt 0:01:03]} 17. Qb3 {[%emt 0:02:00]} c4 {[%emt 0:05:42]} 18. dxc4 {[%emt 0:10:00]} Nc5 {[%emt 0:00:09]} 19. Qa2 {[%emt 0:04:41]} Nd3 {[%emt 0:27:46]} 20. Red1 {[%emt 0:07:58]} Nxf2 {[%emt 0:06:11]} 21. cxd5 {[%emt 0:09:16]} exd5 {[%emt 0:07:27]} 22. Rf1 {[%emt 0:02:26]} Nd3 {[%emt 0:06:23]} 23. Nd4 {[%emt 0:01:23]} Bb7 {[%emt 0:00:25]} 24. Rad1 {[%emt 0:05:39]} Nxf4 {[%emt 0:00:19]} 25. gxf4 {[%emt 0:00:05]} Bxa3 {[%emt 0:04:29]} 26. Qxa3 {[%emt 0:01:02]} Qh4+ {[%emt 0:01:38]} 27. Kg1 {[%emt 0:00:04]} Qxh5 {[%emt 0:00:17]} 28. Qd6 {[%emt 0:01:50]} Ba6 {[%emt 0:01:41]} 29. Rf3 {[%emt 0:02:59]} Nc8 {[%emt 0:00:39]} 30. Qc6 {[%emt 0:01:42]} Ne7 {[%emt 0:00:19]} 31. Qxb6 {[%emt 0:00:13]} Ng6 {[%emt 0:00:41]} 32. Rd2 {[%emt 0:00:51]} Nh4 {[%emt 0:00:37]} 33. Rg3 {[%emt 0:00:32]} Nxg2 {[%emt 0:00:56]} 34. Rdxg2 {[%emt 0:00:13]} Qd1+ {[%emt 0:00:21]} 35. Kh2 {[%emt 0:00:05]} g5 {[%emt 0:00:44]} 36. Qxh6 {[%emt 0:00:41]} f6 {[%emt 0:00:07]} 37. Rxg5+ {[%emt 0:00:15]} 1-0